Central Library OPAC University of Rajshahi

An introduction to comparative philology / (Record no. 50896)

MARC details
000 -LEADER
fixed length control field 00885nam a2200277 a 4500
001 - CONTROL NUMBER
control field 50896
003 - CONTROL NUMBER IDENTIFIER
rucl marc code BD-RjUL
005 - DATE AND TIME OF LATEST TRANSACTION
control field 20211209075559.0
008 - FIXED-LENGTH DATA ELEMENTS--GENERAL INFORMATION
fixed length control field 130829r19701950ii abc b 001 0 eng
035 ## - SYSTEM CONTROL NUMBER
System control number (BD-RjUL) 51016
040 ## - CATALOGING SOURCE
Original cataloging agency DLC
Transcribing agency DLC
Modifying agency DLC
-- BD-RjUL
Language of cataloging eng
041 ## - LANGUAGE CODE
Language code of text/sound track or separate title eng
082 04 - DEWEY DECIMAL CLASSIFICATION NUMBER
Edition number 23
Classification number 491
Author mark and year GUI 1970
100 10 - MAIN ENTRY--PERSONAL NAME
Personal name Gune, Pandurang Damodar
9 (RLIN) 24505
245 13 - TITLE STATEMENT
Title An introduction to comparative philology /
Statement of responsibility, etc. Pandurang Damodar Gune Edited by N. P. Gune.
250 ## - EDITION STATEMENT
Edition statement 2nd ed.
260 ## - PUBLICATION, DISTRIBUTION, ETC. (IMPRINT)
Place of publication, distribution, etc. India :
Name of publisher, distributor, etc. Poona Oriental Book House,
Date of publication, distribution, etc. 1950 [impression 1970]
300 ## - PHYSICAL DESCRIPTION
Pagination xxii, 325, 73 p. :
Illustrations ill. ;
Size 19 cm.
350 ## - PRICE (NR) (BK AM CF MU VM SE) [OBSOLETE]
Price Rs12.50
650 #0 - SUBJECT ADDED ENTRY--TOPICAL TERM
Topical term or geographic name as entry element Indo-European philology
General subdivision Handbooks, manuals, etc.
9 (RLIN) 24506
Topical term or geographic name as entry element Indo-Aryan languages.
9 (RLIN) 24507
700 1# - ADDED ENTRY--PERSONAL NAME
Personal name Gune, N. P.,
Relator term ed.
942 ## - ADDED ENTRY ELEMENTS (KOHA)
Source of classification or shelving scheme Dewey Decimal Classification
Koha item type Books
Holdings
Lost status Source of classification or shelving scheme Damaged status Not for loan Collection code Permanent Location Current Location Shelving location Date acquired Source of acquisition Cost, normal purchase price Total Checkouts Full call number Date last seen Copy number Koha item type
  Dewey Decimal Classification     Non-fiction Central Library, University of Rajshahi Central Library, University of Rajshahi   19/03/1976 K.P. bagchi & co. cal. 20.00   491 GUI 1970 29/08/2016 C-2 Books